Elements of software project Management / (Record no. 189437)
[ view plain ]
| 000 -LEADER | |
|---|---|
| fixed length control field | 00570 a2200181 4500 |
| 003 - CONTROL NUMBER IDENTIFIER | |
| control field | Nust |
| 005 - DATE AND TIME OF LATEST TRANSACTION | |
| control field | 20230127100016.0 |
| 040 ## - CATALOGING SOURCE | |
| Transcribing agency | Nust |
| 082 ## - DEWEY DECIMAL CLASSIFICATION NUMBER | |
| Classification number | 658,SUP |
| 100 ## - MAIN ENTRY--PERSONAL NAME | |
| Personal name | sudhakar.G.P. |
| 9 (RLIN) | 3649 |
| 245 ## - TITLE STATEMENT | |
| Title | Elements of software project Management / |
| Statement of responsibility, etc. | G.P. Sudhakar |
| 260 ## - PUBLICATION, DISTRIBUTION, ETC. | |
| Place of publication, distribution, etc. | New Delhi |
| Name of publisher, distributor, etc. | PHI Learning Private limited |
| Date of publication, distribution, etc. | 2010 |
| 300 ## - PHYSICAL DESCRIPTION | |
| Extent | xxii,237. p; |
| 505 ## - FORMATTED CONTENTS NOTE | |
| Formatted contents note | Introduction (Page-3-103), Human resources (Page-107-160), Advanced topics (Page-163-211). |
| 600 ## - SUBJECT ADDED ENTRY--PERSONAL NAME | |
| Personal name | G.P.Sudhakar |
| 9 (RLIN) | 3650 |
| 650 ## - SUBJECT ADDED ENTRY--TOPICAL TERM | |
| Topical term or geographic name entry element | Telecommunication Engineering |
| 942 ## - ADDED ENTRY ELEMENTS (KOHA) | |
| Source of classification or shelving scheme | |
| Koha item type | Book |
| Call number prefix | 658,SUP |
| Withdrawn status | Lost status | Source of classification or shelving scheme | Damaged status | Not for loan | Permanent Location | Current Location | Shelving location | Date acquired | Full call number | Barcode | Date last seen | Price effective from | Koha item type | Public note |
|---|---|---|---|---|---|---|---|---|---|---|---|---|---|---|
| Military College of Signals (MCS) | Military College of Signals (MCS) | General Stacks | 12/12/2016 | 658,SUP | MCS35169 | 12/08/2016 | 12/12/2016 | Book | Almirah No. 55, Shelf No.1 |
